| 000 | 00422nam a22001217a 4500 | ||
|---|---|---|---|
| 082 | _a220 PRO | ||
| 100 |
_aNS Ahmad Muneeb Khan NS Usama Bin Bilal NS Naveed Ghaffar NS Fahad Bin Tariq _971382 |
||
| 245 | _aPR-SOF-1648-SMART POWER HOMES | ||
| 260 |
_aISLAMABAD _bNUST COLLEGE OF EME _c2017 |
||
| 650 |
_a DE-COMP-35 _971383 |
||
| 700 |
_aSUPERVISORS DR. SHOAB AHMED KHAN Assist. Prof. SAJID GUL KHAWAJA _970837 |
||
| 942 | _cCR | ||
| 999 |
_c577931 _d577931 |
||